[Event "CZE-chT2E 2223"]
[Site "Czech Republic"]
[Date "2023.02.05"]
[Round "8.8"]
[White "Vesely, Jaromir"]
[Black "Molik, Jakub"]
[Result "1-0"]
[WhiteElo "1927"]
[BlackElo "1271"]
[PlyCount "57"]
[EventDate "2022.10.16"]
[EventType "team-tourn"]
[EventRounds "11"]
[EventCountry "CZE"]
[SourceTitle "EXT 2024"]
[Source "ChessBase"]
[SourceDate "2023.10.10"]
[SourceVersion "1"]
[SourceVersionDate "2023.10.10"]
[SourceQuality "1"]
[WhiteTeam "Brno Lokomotiva"]
[BlackTeam "Znojmo"]
[WhiteTeamCountry "CZE"]
[BlackTeamCountry "CZE"]

1. d4 c5 2. e3 Nf6 3. Bd3 Nc6 4. c3 cxd4 5. exd4 d5 6. f4 e6 7. Nf3 Be7 8. 0-0 0-0 9. Nbd2 Qc7 10. Ne5 Re8 11. Rf3 g6 12. Rh3 Bf8 13. g4 Bg7 14. g5 Nh5 15. Rxh5 Nxe5 16. fxe5 gxh5 17. Qxh5 Bxe5 18. Bxh7+ Kf8 19. dxe5 Qxe5 20. Nf3 Qh8 21. Bf4 e5 22. Qh6+ Qg7 23. Bxe5 Qxh6 24. gxh6 Ke7 25. Re1 Be6 26. Nd4 f6 27. Bf4 Kf7 28. Nxe6 Rxe6 29. Bg6+ 1-0

[Event "CZE-chT2E 2122"]
[Site "Czech Republic"]
[Date "2021.12.19"]
[Round "5.5"]
[White "Vesely, Jaromir"]
[Black "Nemec, David1111"]
[Result "0-1"]
[WhiteElo "1949"]
[BlackElo "2029"]
[PlyCount "78"]
[EventDate "2021.10.17"]
[EventType "team-tourn"]
[EventRounds "11"]
[EventCountry "CZE"]
[SourceTitle "EXT 2024"]
[Source "ChessBase"]
[SourceDate "2023.10.10"]
[SourceVersion "1"]
[SourceVersionDate "2023.10.10"]
[SourceQuality "1"]
[WhiteTeam "Brno Lokomotiva"]
[BlackTeam "Kurim"]
[WhiteTeamCountry "CZE"]
[BlackTeamCountry "CZE"]

1. d4 Nf6 2. c4 e6 3. Nc3 Bb4 4. e3 b6 5. Nge2 Bb7 6. a3 Bxc3+ 7. Nxc3 d6 8. f3 Nbd7 9. Bd3 e5 10. 0-0 0-0 11. Bc2 Ba6 12. b3 Re8 13. Ra2 Nf8 14. d5 Bc8 15. Bd3 Ng6 16. Raf2 Re7 17. Qc2 Nd7 18. Bxg6 hxg6 19. f4 Nf6 20. e4 Ng4 21. Rf3 f5 22. h3 Nf6 23. fxe5 Rxe5 24. Bf4 fxe4 25. Bxe5 exf3 26. Bxf6 Qxf6 27. Rxf3 Bf5 28. Qf2 Re8 29. g4 Qg5 30. Kh2 Bc8 31. Qd4 Bd7 32. a4 a6 33. Kg3 Qc1 34. Qf4 Qg1+ 35. Kh4 Qe1+ 36. Rg3 g5+ 37. Qxg5 Re5 38. Qd8+ Be8 39. g5 Re3 0-1

[Event "CZE-chT2E 2122"]
[Site "Czech Republic"]
[Date "2021.10.17"]
[Round "1.5"]
[White "Pfeffer, Erik"]
[Black "Vesely, Jaromir"]
[Result "1/2-1/2"]
[WhiteElo "1994"]
[BlackElo "1949"]
[PlyCount "82"]
[EventDate "2021.10.17"]
[EventType "team-tourn"]
[EventRounds "11"]
[EventCountry "CZE"]
[SourceTitle "EXT 2024"]
[Source "ChessBase"]
[SourceDate "2023.10.10"]
[SourceVersion "1"]
[SourceVersionDate "2023.10.10"]
[SourceQuality "1"]
[WhiteTeam "Borsice"]
[BlackTeam "Brno Lokomotiva"]
[WhiteTeamCountry "CZE"]
[BlackTeamCountry "CZE"]

1. c4 e6 2. Nf3 d5 3. cxd5 exd5 4. d4 f5 5. Nc3 c6 6. Bf4 Nf6 7. e3 Bd6 8. Bxd6 Qxd6 9. Bd3 0-0 10. 0-0 Ne4 11. Bxe4 fxe4 12. Ne5 Nd7 13. Nxd7 Bxd7 14. Qb3 Qg6 15. Kh1 Rf7 16. Ne2 Bg4 17. Nf4 Qh6 18. f3 exf3 19. gxf3 Bh5 20. Nxh5 Qxh5 21. e4 Raf8 22. exd5 cxd5 23. Rae1 Rxf3 24. Rxf3 Qxf3+ 25. Qxf3 Rxf3 26. Re7 Rf2 27. Rxb7 h5 28. a4 h4 29. h3 Rd2 30. Rxa7 Rxb2 31. Ra5 Rb4 32. Rxd5 Rxa4 33. Kg2 Ra3 34. Rg5 Kf7 35. Rg4 Kf6 36. Rxh4 g5 37. Rg4 Kf5 38. Rg3 Ra2+ 39. Kf3 Ra3+ 40. Kf2 Ra2+ 41. Kf3 Ra3+ 1/2-1/2

[Event "CZE-chT2E 1920"]
[Site "Czech Republic"]
[Date "2019.10.13"]
[Round "1.8"]
[White "Vesely, Jaromir"]
[Black "Tovarek, Antonin"]
[Result "1/2-1/2"]
[WhiteElo "1950"]
[BlackElo "2006"]
[PlyCount "80"]
[EventDate "2019.10.13"]
[EventType "team-tourn"]
[EventRounds "11"]
[EventCountry "CZE"]
[SourceTitle "EXT 2024"]
[Source "ChessBase"]
[SourceDate "2023.10.10"]
[SourceVersion "1"]
[SourceVersionDate "2023.10.10"]
[SourceQuality "1"]
[WhiteTeam "Brno Lokomotiva"]
[BlackTeam "Jundrov Jezdci"]
[WhiteTeamCountry "CZE"]
[BlackTeamCountry "CZE"]

1. d4 Nf6 2. c4 e6 3. Nc3 Bb4 4. e3 0-0 5. Nge2 d5 6. a3 Be7 7. Nf4 b6 8. cxd5 exd5 9. Bd3 c6 10. 0-0 a5 11. Re1 Ba6 12. Bc2 Nbd7 13. e4 dxe4 14. Nxe4 Nd5 15. Qf3 N7f6 16. Ng5 Bd6 17. Nxd5 cxd5 18. Bd2 Bc8 19. Rac1 h6 20. Nh3 Bg4 21. Qb3 Qb8 22. f4 Bxh3 23. Qxh3 Bxf4 24. Rcd1 Bxd2 25. Rxd2 Qf4 26. Rd3 Rae8 27. Rf1 Qg4 28. Qxg4 Nxg4 29. h3 Ne3 30. Rc1 Nxc2 31. Rxc2 Re1+ 32. Kh2 Rfe8 33. Rb3 R1e6 34. Rc7 Rd8 35. Rf3 f6 36. Rg3 g5 37. Rgc3 Rde8 38. Rd7 Re2 39. Rcc7 Rxb2 40. Rg7+ Kh8 1/2-1/2

[Event "Brno op 8th"]
[Site "Brno"]
[Date "2018.11.16"]
[Round "8"]
[White "Vesely, Jaromir"]
[Black "Marsa, Alexandr"]
[Result "1-0"]
[WhiteElo "1998"]
[BlackElo "1906"]
[PlyCount "61"]
[EventDate "2018.11.10"]
[EventType "swiss"]
[EventRounds "9"]
[EventCountry "CZE"]
[SourceTitle "CBM 187 Extra"]
[Source "ChessBase"]
[SourceDate "2018.11.04"]
[SourceVersion "1"]
[SourceVersionDate "2018.11.04"]
[SourceQuality "1"]

1. d4 d5 2. c4 e6 3. Nc3 c6 4. e3 Nf6 5. f4 Bd6 6. Nf3 0-0 7. Bd2 Nbd7 8. cxd5 exd5 9. Bd3 Re8 10. 0-0 c5 11. Ne5 cxd4 12. exd4 Qb6 13. Nf3 Nf8 14. Na4 Qd8 15. Ne5 Bd7 16. Be3 Bxa4 17. Qxa4 Qb6 18. Rfe1 a6 19. Re2 Rac8 20. Rf1 Ne4 21. Bb1 f6 22. Nf3 Re7 23. Qd1 Rce8 24. Qd3 Qc7 25. g3 b5 26. Rc1 Qd7 27. a3 Rc8 28. Rec2 Ree8 29. Rxc8 Rxc8 30. Rxc8 Qxc8 31. Ba2 1-0

[Event "Brno op 8th"]
[Site "Brno"]
[Date "2018.11.15"]
[Round "7"]
[White "Loibl, Johann"]
[Black "Vesely, Jaromir"]
[Result "0-1"]
[WhiteElo "1813"]
[BlackElo "1998"]
[PlyCount "60"]
[EventDate "2018.11.10"]
[EventType "swiss"]
[EventRounds "9"]
[EventCountry "CZE"]
[SourceTitle "CBM 187 Extra"]
[Source "ChessBase"]
[SourceDate "2018.11.04"]
[SourceVersion "1"]
[SourceVersionDate "2018.11.04"]
[SourceQuality "1"]

1. e4 e6 2. d4 d5 3. exd5 exd5 4. Bd3 c5 5. c3 Nc6 6. Nf3 Bd6 7. 0-0 Nge7 8. Bg5 0-0 9. Re1 f6 10. Bh4 Nf5 11. Bg3 Nxg3 12. hxg3 c4 13. Bc2 b5 14. Nbd2 Bg4 15. Nf1 Qd7 16. Ne3 Be6 17. Nh4 g6 18. f4 Bf7 19. Qf3 Ne7 20. f5 g5 21. Ng4 Kg7 22. Re6 Bxe6 23. fxe6 Qxe6 24. Bf5 Qf7 25. Qe3 gxh4 26. Qh6+ Kh8 27. Bc2 f5 28. Qxd6 fxg4 29. Qe5+ Qf6 30. Qe3 Nf5 0-1

[Event "Brno op 8th"]
[Site "Brno"]
[Date "2018.11.11"]
[Round "2"]
[White "Vesely, Jaromir"]
[Black "Piankov, Evgenij"]
[Result "0-1"]
[WhiteElo "1998"]
[BlackElo "2227"]
[PlyCount "134"]
[EventDate "2018.11.10"]
[EventType "swiss"]
[EventRounds "9"]
[EventCountry "CZE"]
[SourceTitle "CBM 187 Extra"]
[Source "ChessBase"]
[SourceDate "2018.11.04"]
[SourceVersion "1"]
[SourceVersionDate "2018.11.04"]
[SourceQuality "1"]

1. d4 d5 2. c4 c6 3. Nc3 Nf6 4. e3 a6 5. cxd5 cxd5 6. Bd3 Nc6 7. f4 g6 8. Nf3 Bg7 9. 0-0 0-0 10. Ne5 Qd6 11. Bd2 Nb4 12. Bb1 b5 13. a3 Nc6 14. b4 Bb7 15. Be1 Nd7 16. Bg3 f5 17. Ba2 e6 18. Qd3 Nb6 19. Be1 Nc4 20. Nd1 N6xe5 21. dxe5 Qb6 22. Bc3 Rfc8 23. Bd4 Qc7 24. Bb3 a5 25. Nc3 Bc6 26. Bc5 Bf8 27. Bxf8 Rxf8 28. Ne2 Bd7 29. Rfc1 Ra6 30. Nd4 Qa7 31. Bxc4 bxc4 32. Qc3 Rb8 33. Rcb1 Rab6 34. Rb2 Kf7 35. Rab1 axb4 36. Rxb4 Qa5 37. Qb2 Rxb4 38. axb4 Qb6 39. b5 Qc5 40. Qc3 Ra8 41. b6 Rb8 42. b7 Bc6 43. Qb4 Qxb4 44. Rxb4 Bd7 45. Kf2 Ke7 46. Ke1 Kd8 47. Rb6 Kc7 48. Rd6 Rxb7 49. Nxe6+ Bxe6 50. Rxe6 Rb3 51. Kf2 Rd3 52. Ke2 d4 53. exd4 Rxd4 54. Re7+ Kb6 55. Rxh7 Rxf4 56. Rh6 Rg4 57. g3 Kc5 58. Kd2 Kd5 59. Kc3 Kxe5 60. Rh8 f4 61. gxf4+ Rxf4 62. Rh3 g5 63. Rg3 g4 64. Kc2 Rf2+ 65. Kc1 Kf4 66. Rc3 Rxh2 67. Rxc4+ Kf3 0-1

[Event "Prague Holiday K11"]
[Site "Prague"]
[Date "2017.07.18"]
[Round "4"]
[White "Schaefer, Martin1111"]
[Black "Vesely, Jaromir"]
[Result "1/2-1/2"]
[WhiteElo "2001"]
[BlackElo "2059"]
[PlyCount "135"]
[EventDate "2017.07.16"]
[EventType "tourn"]
[EventRounds "9"]
[EventCountry "CZE"]
[SourceTitle "EXT 2023"]
[Source "ChessBase"]
[SourceDate "2022.10.05"]
[SourceVersion "1"]
[SourceVersionDate "2022.10.05"]
[SourceQuality "1"]

1. d4 d5 2. c4 c6 3. Nf3 Nf6 4. Qc2 g6 5. e3 Bf5 6. Bd3 Bxd3 7. Qxd3 Bg7 8. 0-0 0-0 9. b3 e6 10. Nbd2 Nbd7 11. Bb2 Qa5 12. a3 b5 13. Ne5 Nxe5 14. dxe5 bxc4 15. bxc4 Nd7 16. f4 Rab8 17. Rfb1 Qa6 18. a4 Nb6 19. Ba3 Rfd8 20. Be7 Rd7 21. Bf6 dxc4 22. Qe2 Rd3 23. Ne4 Qa5 24. Bxg7 Kxg7 25. Nd6 Qc5 26. Kf2 Rf8 27. Rc1 Qd5 28. Rc2 f6 29. a5 Nd7 30. exf6+ Rxf6 31. Ne8+ Kf7 32. Nxf6 Nxf6 33. h3 Ne4+ 34. Kg1 c3 35. Rac1 c5 36. a6 c4 37. Qf3 Rd2 38. Rxc3 Nxc3 39. Rxc3 Rd1+ 40. Kh2 Rd3 41. Rc1 Qxf3 42. gxf3 c3 43. Kg3 Rxe3 44. Kf2 Rd3 45. Ke2 Rd6 46. Rxc3 Rxa6 47. Rc7+ Kg8 48. Ke3 Ra3+ 49. Ke4 a5 50. Ra7 h5 51. h4 a4 52. Ke5 Rxf3 53. Rxa4 Rg3 54. Kf6 Rg4 55. Ke5 Rxh4 56. Ra3 Rh1 57. Rg3 Ra1 58. Ke4 Ra5 59. Rh3 Kg7 60. Rb3 Rf5 61. Rb7+ Kh6 62. Ra7 h4 63. Ra8 Kg7 64. Ra7+ Kh6 65. Ra8 Kh5 66. Rg8 h3 67. Kf3 g5 68. Rxg5+ 1/2-1/2

[Event "CZE-chT2E 1617"]
[Site "Czech Republic"]
[Date "2017.02.12"]
[Round "8.3"]
[White "Vesely, Jaromir"]
[Black "Novosadova, Kristyna"]
[Result "1/2-1/2"]
[WhiteElo "2055"]
[BlackElo "2176"]
[PlyCount "84"]
[EventDate "2016.09.10"]
[EventType "team-tourn"]
[EventRounds "11"]
[EventCountry "CZE"]
[SourceTitle "EXT 2022"]
[Source "ChessBase"]
[SourceDate "2021.10.06"]
[SourceVersion "1"]
[SourceVersionDate "2021.10.06"]
[SourceQuality "1"]
[WhiteTeam "Brno Lokomotiva II"]
[BlackTeam "Jundrov Jezdci"]
[WhiteTeamCountry "CZE"]
[BlackTeamCountry "CZE"]

1. d4 Nf6 2. c4 g6 3. g3 Bg7 4. Bg2 c5 5. d5 d6 6. Nc3 0-0 7. e4 a6 8. a4 a5 9. Nge2 Na6 10. 0-0 Nb4 11. Ra3 Ng4 12. Na2 f5 13. Nxb4 axb4 14. Ra2 Ne5 15. b3 fxe4 16. Bxe4 Bf5 17. Bg2 Qd7 18. Nf4 Rf7 19. h3 h5 20. Ne6 Bxe6 21. dxe6 Qxe6 22. Bd5 Qxh3 23. Bxf7+ Kxf7 24. Qd5+ Qe6 25. Qxb7 Rd8 26. f4 Ng4 27. Qd5 Qxd5 28. cxd5 Bd4+ 29. Kg2 Nf6 30. Bb2 Bxb2 31. Rxb2 Nxd5 32. Kf3 Nc3 33. Rg1 d5 34. g4 hxg4+ 35. Rxg4 Rd6 36. Rg5 Rc6 37. Rh2 c4 38. Rh7+ Kg8 39. Rxe7 cxb3 40. Rge5 b2 41. Rd7 Kf8 42. Ree7 b1Q 1/2-1/2

[Event "Prague Holiday M11"]
[Site "Prague"]
[Date "2015.07.24"]
[Round "9"]
[White "Vesely, Jaromir"]
[Black "Nilsson, Patrik"]
[Result "0-1"]
[WhiteElo "2048"]
[BlackElo "2126"]
[PlyCount "50"]
[EventDate "2015.07.19"]
[EventType "tourn"]
[EventRounds "9"]
[EventCountry "CZE"]
[SourceTitle "EXT 2017"]
[Source "ChessBase"]
[SourceDate "2016.10.25"]
[SourceVersion "1"]
[SourceVersionDate "2016.10.25"]
[SourceQuality "1"]

1. d4 f5 2. e4 fxe4 3. Nc3 Nf6 4. Bg5 Nc6 5. f3 d5 6. Bb5 Bf5 7. Bxf6 exf6 8. fxe4 dxe4 9. d5 a6 10. dxc6 axb5 11. cxb7 Qxd1+ 12. Rxd1 Rb8 13. Rd5 Bd7 14. Nxb5 Rxb7 15. c4 c6 16. Nd6+ Bxd6 17. Rxd6 Rxb2 18. Rd2 Rb1+ 19. Kf2 Ke7 20. h4 h5 21. Rh2 Be6 22. Nh3 Bxc4 23. Nf4 Ra8 24. Ke3 Re1+ 25. Kf2 Rf1+ 0-1

[Event "Brno op 5th"]
[Site "Brno"]
[Date "2014.11.22"]
[Round "9"]
[White "Davis, Lee"]
[Black "Vesely, Jaromir"]
[Result "1-0"]
[WhiteElo "1971"]
[BlackElo "2008"]
[PlyCount "79"]
[EventDate "2014.11.15"]
[EventType "swiss"]
[EventRounds "9"]
[EventCountry "CZE"]
[SourceTitle "CBM 163 Extra"]
[Source "ChessBase"]
[SourceDate "2014.12.23"]
[SourceVersion "1"]
[SourceVersionDate "2014.12.23"]
[SourceQuality "1"]

1. d4 d5 2. g3 c6 3. Bg2 Bf5 4. Nf3 e6 5. 0-0 h6 6. c4 Nd7 7. Nc3 Ngf6 8. Bf4 g5 9. Be5 Nxe5 10. Nxe5 Bg7 11. cxd5 exd5 12. e4 dxe4 13. Re1 0-0 14. Nxe4 Nxe4 15. Bxe4 Bxe4 16. Rxe4 Qd5 17. Qc2 Rad8 18. Rae1 Qxa2 19. Nf3 Qd5 20. Qe2 a5 21. h4 b5 22. hxg5 hxg5 23. Rc1 f5 24. Re7 g4 25. Nh4 Bxd4 26. Qd2 f4 27. Qc2 Qh5 28. Qxc6 fxg3 29. Qe6+ Rf7 30. Rc8 Bxf2+ 31. Kg2 Rxc8 32. Qxc8+ Kh7 33. Rxf7+ Qxf7 34. Qxg4 Qd5+ 35. Nf3 a4 36. Qb4 Be3 37. Qe7+ Kg8 38. Qxe3 Kf7 39. Kxg3 Qc6 40. Ne5+ 1-0

[Event "Brno op 5th"]
[Site "Brno"]
[Date "2014.11.19"]
[Round "6"]
[White "Zemlicka, Vit"]
[Black "Vesely, Jaromir"]
[Result "1/2-1/2"]
[WhiteElo "1899"]
[BlackElo "2008"]
[PlyCount "90"]
[EventDate "2014.11.15"]
[EventType "swiss"]
[EventRounds "9"]
[EventCountry "CZE"]
[SourceTitle "CBM 163 Extra"]
[Source "ChessBase"]
[SourceDate "2014.12.23"]
[SourceVersion "1"]
[SourceVersionDate "2014.12.23"]
[SourceQuality "1"]

1. e4 e6 2. d4 d5 3. Nc3 Nf6 4. e5 Nfd7 5. f4 f5 6. exf6 Nxf6 7. a3 c5 8. Nf3 Nc6 9. Be3 cxd4 10. Nxd4 Bd6 11. Qd2 0-0 12. Be2 e5 13. fxe5 Bxe5 14. 0-0 Nxd4 15. Bxd4 Bxd4+ 16. Qxd4 Be6 17. Bf3 Qd6 18. Rad1 Rfd8 19. Rfe1 Bf7 20. Re2 Kf8 21. Red2 a6 22. Qf2 Qe5 23. Nxd5 Bxd5 24. Bxd5 Rd6 25. Bb3 Rad8 26. Rxd6 Rxd6 27. Rxd6 Qxd6 28. c3 g6 29. Qd4 Qe7 30. Qb4 Qxb4 31. axb4 Ke7 32. Kf1 Kd6 33. Ke2 Ke5 34. Kd3 g5 35. Bd1 g4 36. c4 h5 37. Ke3 Ne8 38. Bc2 Nf6 39. Bd3 h4 40. Be2 b6 41. h3 gxh3 42. gxh3 a5 43. bxa5 bxa5 44. Bf3 Nd7 45. Bg4 Nc5 1/2-1/2

[Event "Brno op 5th"]
[Site "Brno"]
[Date "2014.11.15"]
[Round "1"]
[White "Snasel, Michal"]
[Black "Vesely, Jaromir"]
[Result "0-1"]
[WhiteElo "1704"]
[BlackElo "2008"]
[PlyCount "88"]
[EventDate "2014.11.15"]
[EventType "swiss"]
[EventRounds "9"]
[EventCountry "CZE"]
[SourceTitle "CBM 163 Extra"]
[Source "ChessBase"]
[SourceDate "2014.12.23"]
[SourceVersion "1"]
[SourceVersionDate "2014.12.23"]
[SourceQuality "1"]

1. e4 e6 2. Nf3 c5 3. b4 d5 4. e5 cxb4 5. a3 Nc6 6. axb4 Bxb4 7. c3 Be7 8. d4 h5 9. Bd3 Nh6 10. Na3 Nf5 11. Nb5 g6 12. Qa4 Kf8 13. 0-0 a6 14. Bxf5 gxf5 15. Nd6 Bd7 16. Qa2 Rb8 17. Ba3 Na7 18. Ng5 Be8 19. h4 Nb5 20. Bc1 Nxd6 21. exd6 Bxd6 22. Re1 Qc8 23. Bd2 Qc4 24. Qb2 Bd7 25. Nf3 f6 26. Qc1 Kf7 27. Rb1 Rhg8 28. Bf4 Qc7 29. Bd2 Rg6 30. Qb2 b5 31. Kh1 Rbg8 32. Rg1 a5 33. c4 dxc4 34. d5 e5 35. Ra1 b4 36. Bc1 Qc5 37. Be3 Qxd5 38. Rgd1 Qe6 39. Qd2 Bc6 40. Bg5 Bc5 41. Qe2 Be4 42. Qd2 fxg5 43. Qd7+ Qxd7 44. Rxd7+ Ke6 0-1

[Event "Prague Holiday K21"]
[Site "Prague"]
[Date "2014.07.31"]
[Round "8"]
[White "Vesely, Jaromir"]
[Black "Koubek, Vaclav"]
[Result "1-0"]
[WhiteElo "1949"]
[BlackElo "2033"]
[PlyCount "81"]
[EventDate "2014.07.27"]
[EventType "tourn"]
[EventRounds "9"]
[EventCountry "CZE"]
[SourceTitle "EXT 2023"]
[Source "ChessBase"]
[SourceDate "2022.10.05"]
[SourceVersion "1"]
[SourceVersionDate "2022.10.05"]
[SourceQuality "1"]

1. d4 Nf6 2. c4 g6 3. g3 Bg7 4. Bg2 0-0 5. e4 d6 6. Nc3 e5 7. Nge2 Nc6 8. 0-0 exd4 9. Nxd4 Nxd4 10. Qxd4 Be6 11. Qd3 Nd7 12. b3 Nc5 13. Qc2 a5 14. Bb2 c6 15. Rad1 Qc7 16. Ne2 Rad8 17. Bxg7 Kxg7 18. Nd4 Bc8 19. Rd2 Ne6 20. Qc3 Nxd4 21. Qxd4+ Kg8 22. Rfd1 Bg4 23. Re1 b5 24. cxb5 cxb5 25. Qd3 Qb6 26. h3 Be6 27. Rc1 a4 28. bxa4 bxa4 29. Qa3 Qb5 30. Rd4 d5 31. Qxa4 Qb2 32. Rcd1 Ra8 33. Qb3 Qxb3 34. axb3 dxe4 35. b4 f5 36. b5 Rfb8 37. Bf1 Rb6 38. Rd6 Rab8 39. Rxe6 Rxe6 40. Bc4 Kf7 41. Rd6 1-0

[Event "Prague Holiday K21"]
[Site "Prague"]
[Date "2014.07.28"]
[Round "3"]
[White "Vesely, Jaromir"]
[Black "Wolf, Ulrich"]
[Result "1/2-1/2"]
[WhiteElo "1949"]
[BlackElo "2071"]
[PlyCount "33"]
[EventDate "2014.07.27"]
[EventType "tourn"]
[EventRounds "9"]
[EventCountry "CZE"]
[SourceTitle "EXT 2023"]
[Source "ChessBase"]
[SourceDate "2022.10.05"]
[SourceVersion "1"]
[SourceVersionDate "2022.10.05"]
[SourceQuality "1"]

1. d4 Nf6 2. c4 e6 3. Nc3 Bb4 4. Bd2 c5 5. a3 Bxc3 6. Bxc3 cxd4 7. Qxd4 0-0 8. e3 b6 9. Bd3 Bb7 10. Qh4 Ne4 11. Qxd8 Rxd8 12. Bd4 Nc5 13. Bf1 d5 14. cxd5 Nb3 15. Rd1 Nxd4 16. Rxd4 Rxd5 17. Nf3 1/2-1/2

[Event "Brno op 4th"]
[Site "Brno"]
[Date "2013.11.20"]
[Round "6"]
[White "Vesely, Jaromir"]
[Black "Fowler, David W"]
[Result "1/2-1/2"]
[WhiteElo "1952"]
[BlackElo "1859"]
[PlyCount "146"]
[EventDate "2013.11.16"]
[EventType "swiss"]
[EventRounds "9"]
[EventCountry "CZE"]
[SourceTitle "CBM 157 Extra"]
[Source "ChessBase"]
[SourceDate "2013.12.19"]
[SourceVersion "1"]
[SourceVersionDate "2013.12.19"]
[SourceQuality "1"]

1. Nf3 d5 2. d4 Nf6 3. c4 e6 4. Nc3 c6 5. cxd5 exd5 6. Bg5 h6 7. Bh4 Be7 8. e3 Bf5 9. Bd3 Bxd3 10. Qxd3 Nbd7 11. 0-0 0-0 12. Bxf6 Bxf6 13. b4 Nb6 14. a4 Nc4 15. Nd2 Nxd2 16. Qxd2 a5 17. b5 Be7 18. Qd3 Re8 19. Rab1 Qd7 20. Rb3 Bd6 21. Rfb1 Rab8 22. g3 h5 23. bxc6 bxc6 24. Qa6 Ra8 25. Rb7 Bc7 26. Ra7 Rxa7 27. Qxa7 Qd6 28. Rb7 Re7 29. Qc5 Qxc5 30. dxc5 Kf8 31. Ne2 Be5 32. Rb6 Re6 33. Ra6 Bb2 34. Rxa5 d4 35. Nxd4 Bxd4 36. exd4 Re4 37. d5 cxd5 38. c6 Rc4 39. Rxd5 Rxc6 40. Rxh5 Rc1+ 41. Kg2 Ra1 42. a5 Ke7 43. h4 Ke6 44. Rg5 g6 45. h5 gxh5 46. Rxh5 f5 47. a6 Ke5 48. Rh6 Ra2 49. Rb6 Ke4 50. Kh3 Kf3 51. Rf6 Ke4 52. f3+ Kxf3 53. Rxf5+ Ke4 54. Rf6 Ke5 55. Rb6 Kf5 56. Rc6 Kg5 57. Rd6 Kf5 58. g4+ Kg5 59. Rd5+ Kg6 60. Rd6+ Kg5 61. Kg3 Rxa6 62. Rd5+ Kg6 63. Kh4 Kg7 64. Kh5 Ra8 65. Rd7+ Kg8 66. g5 Rb8 67. Rd6 Ra8 68. Rg6+ Kh8 69. Kh6 Rb8 70. Rg7 Ra8 71. Rf7 Rb8 72. g6 Ra8 73. Rf6 Rb8 1/2-1/2